| 000 | 00356nam a2200121Ia 4500 | ||
|---|---|---|---|
| 008 | 210430s9999 xx 000 0 und d | ||
| 082 | _a954.035 M236T | ||
| 100 |
_aDr. Malik Nadeem Shafiq _913814 |
||
| 245 | 4 |
_aThe Quaid-I-Azam Muhammad Ali Jinnah _cDr. Malik Nadeem Shafiq |
|
| 260 |
_aLahore. _bFiction House _c2015 |
||
| 300 | _a368p. | ||
| 942 |
_cBK _2ddc |
||
| 999 |
_c565520 _d565520 |
||